000 01455cam a2200157 4500500
005 20260208005855.0
041 _afre
042 _adc
100 1 0 _aBoudou, Bénédicte
_eauthor
245 0 0 _aEpistre consolatoire de messire Jean Boccace envoyée au Signeur Pino de Rossi. Trad. de MARGUERITE DE CAMBIS. Texte établi, commenté et annoté par COLETTE WINN. Paris, H. Champion, 2003. Un vol. 14,5 × 22,5 de 160 p. (70 pour l’introduction, 90 pour le texte et l’annexe)
260 _c2006.
500 _a23
520 _aLes deux personnages d’amateurs d’art que sont la marquise de Cambremer et sa belle-fille Mme de Cambremer-Legrandin semblent construits en opposition, en fonction de la conception proustienne du temps et de l’histoire de l’art. L’ironie satirique ridiculise et analyse les contradictions du snobisme et de l’avant-gardisme de la bru, coupable de dénier le passé, tant personnel qu’artistique. Mais la vieille marquise, qui pourrait apparaître comme le support de la norme satirique, fait l’objet d’un traitement comique ambigu. L’article se propose donc d’examiner les rôles complexes de l’ironie et de l’humour dans le traitement de ces deux personnages.
786 0 _nRevue d'histoire littéraire de la France | 106 | 3 | 2006-08-01 | p. 709a-755a | 0035-2411
856 4 1 _uhttps://shs.cairn.info/revue-d-histoire-litteraire-de-la-france-2006-3-page-709a?lang=fr&redirect-ssocas=7080
999 _c1654182
_d1654182